| 000 | 00483nam a22001817a 4500 | ||
|---|---|---|---|
| 005 | 20240710121112.0 | ||
| 008 | 240710b |||||||| |||| 00| 0 eng d | ||
| 020 | _a9781416029335 | ||
| 082 |
_a615 _bAND-C |
||
| 100 | _aAndreoli | ||
| 245 |
_aCecil Essentials of Medicine _cAndreoli, Carprenter's |
||
| 250 | _a7th ed. | ||
| 260 |
_aIndia: _bElsevier: _c2008 |
||
| 300 |
_axxix,1258p. _bill; _c27.5 |
||
| 500 | _aInclude index . | ||
| 650 | _aMedical / Medicine | ||
| 999 |
_c36106 _d36106 |
||